|
|
|
|
| LEADER |
00730cam a2200229ua 4500 |
| 008 |
070516t2007||||||||||| 001 ||eng c |
| 020 |
|
|
|a 978 81 250 3067 6
|
| 041 |
0 |
|
|a eng
|
| 082 |
|
|
|a 338.91
|b FLA
|
| 245 |
1 |
0 |
|a Flat world, big gaps: Economic liberialization, globalization, poverty & inequality /
|
| 250 |
|
|
|a 1st ed.
|
| 260 |
|
|
|a Hyderabad:
|b Orient Longman,
|c 2007.
|
| 300 |
|
|
|a 403p..
|
| 362 |
1 |
|
|a 2007.
|
| 365 |
|
|
|a Rs 775/-
|e pb
|
| 500 |
|
|
|a Includes index.
|
| 650 |
|
|
|a Economic liberalization
|
| 650 |
0 |
|
|a Financial economics
|
| 650 |
0 |
|
|a Globalization
|
| 942 |
|
|
|c BK
|
| 999 |
|
|
|c 14709
|d 14709
|
| 952 |
|
|
|0 0
|1 0
|4 0
|6 338_910000000000000_FL
|7 0
|9 15331
|a KUCL
|b KUCL
|d 2014-05-23
|l 0
|o 338.91 FL
|p 17094
|r 2014-05-23
|w 2014-05-23
|y BK
|